Mosaic of Facts (Record no. 333538)
[ view plain ]
| 000 -LEADER | |
|---|---|
| fixed length control field | 00490nam a2200097Ia 4500 |
| 008 - FIXED-LENGTH DATA ELEMENTS--GENERAL INFORMATION | |
| fixed length control field | 170517s9999 xx 000 0 und d |
| 245 ## - TITLE STATEMENT | |
| Title | Mosaic of Facts |
| 300 ## - PHYSICAL DESCRIPTION | |
| Extent | Investigative filmmaker Miguel Francis-Santiago hosts Mosaic of Facts, an exploration of the role of the media in information sharing, and the many ways in which it is used to sway and manipulate public opinion. Inspired by his 2014 exploration... |
| 650 ## - SUBJECT ADDED ENTRY--TOPICAL TERM | |
| General subdivision | Media. |
| 856 ## - ELECTRONIC LOCATION AND ACCESS | |
| Uniform Resource Identifier | <a href="http://topdocumentaryfilms.com/mosaic-facts/">http://topdocumentaryfilms.com/mosaic-facts/</a> |
| Withdrawn status | Lost status | Damaged status | Home library | Current library | Date acquired | Total Checkouts | Date last seen | Price effective from | Koha item type |
|---|---|---|---|---|---|---|---|---|---|
| College Library | College Library | 05/17/2017 | 05/17/2017 | 05/17/2017 | Documentary Films |